|
|
|
|
| LEADER |
00000nam0a2200000 4500 |
| 001 |
144554 |
| 005 |
20231101221113.0 |
| 010 |
|
|
|a 9785947747652
|
| 010 |
|
|
|a 978-5-03-003846-9
|
| 035 |
|
|
|a (RuTPU)RU\TPU\book\156651
|
| 090 |
|
|
|a 144554
|
| 100 |
|
|
|a 20081006d2008 m y0rusy50 ca
|
| 101 |
0 |
|
|a rus
|
| 102 |
|
|
|a RU
|
| 105 |
|
|
|a a j 001zy
|
| 200 |
1 |
|
|a Основы молекулярной спектроскопии
|e учебное пособие
|f Ю. А. Пентин, Г. М. Курамшина
|
| 210 |
|
|
|a Москва
|c БИНОМ. Лаборатория знаний
|c Мир
|d 2008
|
| 215 |
|
|
|a 399 с.
|c ил.
|
| 225 |
1 |
|
|a Методы в химии
|
| 320 |
|
|
|a Основные обозначения: с. 390-391.
|
| 320 |
|
|
|a Литература: с. 392-393.
|
| 330 |
|
|
|a В учебном пособии, написанном преподавателями кафедры физической химии химического факультета МГУ, изложены теоретические основы важнейших спектроскопических методов исследования строения молекул: ИК, УФ, КР, ЯМР, ЯКР, ЭПР, ФЭС и др. Обсуждаются природа взаимодействия электромагнитного излучения с веществом, теория групп и современные вычислительные возможности квантовой химии. Рассмотрены возможности и ограничения каждого метода, показаны схемы интерпретации спектров, приведены необходимые сведения о приборах и методиках эксперимента. Книга хорошо иллюстрирована, содержит упражнения и список дополнительной литературы. Для студентов химических и других естественнонаучных факультетов и вузов, а также для специалистов, которым применение спектральных методов необходимо в практической деятельности.
|
| 606 |
1 |
|
|a Спектральный анализ, молекулярный
|2 stltpush
|3 (RuTPU)RU\TPU\subj\73662
|9 86528
|
| 610 |
1 |
|
|a спектры
|
| 610 |
1 |
|
|a физическая химия
|
| 610 |
1 |
|
|a молекулы
|
| 610 |
1 |
|
|a симметрия
|
| 610 |
1 |
|
|a квантомеханические модели
|
| 610 |
1 |
|
|a микроволновая спектроскопия
|
| 610 |
1 |
|
|a инфракрасная спектроскопия
|
| 610 |
1 |
|
|a спектроскопия комбинационного рассеяния
|
| 610 |
1 |
|
|a фотоэлектронная спектроскопия
|
| 610 |
1 |
|
|a магнитный резонанс
|
| 610 |
1 |
|
|a радиоспектроскопия
|
| 610 |
1 |
|
|a ядерный квадрупольный резонанс
|
| 610 |
1 |
|
|a мессбауэровская спектроскопия
|
| 610 |
1 |
|
|a учебные пособия
|
| 610 |
1 |
|
|a электромагнитное излучение
|
| 610 |
1 |
|
|a квантовая химия
|
| 610 |
1 |
|
|a приборы
|
| 610 |
1 |
|
|a методика
|
| 675 |
|
|
|a 543.42(075.8)
|v 3
|
| 700 |
|
1 |
|a Пентин
|b Ю. А.
|g Юрий Андреевич
|
| 701 |
|
1 |
|a Курамшина
|b Г. М.
|g Гульнара Маратовна
|
| 801 |
|
1 |
|a RU
|b 63413507
|c 20081006
|g PSBO
|
| 801 |
|
2 |
|a RU
|b 63413507
|c 20170906
|g PSBO
|
| 900 |
|
|
|a Основы молекулярной спектроскопии
|
| 942 |
|
|
|c BK
|
| 951 |
|
|
|a 510500
|b 020100
|b 020101
|
| 959 |
|
|
|a 87/20081006
|d 2
|e 330,00
|f АНЛ:1
|f ЧЗТЛ:1
|
| 959 |
|
|
|a 4/20090113
|d 2
|e 2
|f АНЛ:1
|f ЧЗТЛ:1
|